[Event "HUN-chT2 Szechenyi 1617"]
[Site "Hungary"]
[Date "2017.02.12"]
[Round "8.12"]
[White "Dora, Bence"]
[Black "Nyuli, Leila"]
[Result "1-0"]
[WhiteElo "1581"]
[BlackElo "1292"]
[PlyCount "55"]
[EventDate "2016.09.25"]
[EventType "team-tourn"]
[EventRounds "11"]
[EventCountry "HUN"]
[SourceTitle "EXT 2021"]
[Source "ChessBase"]
[SourceDate "2020.10.23"]
[SourceVersion "1"]
[SourceVersionDate "2020.10.23"]
[SourceQuality "1"]
[WhiteTeam "Csuti Baki Agrocentrum"]
[BlackTeam "Haladas Szombathely III"]
[WhiteTeamCountry "HUN"]
[BlackTeamCountry "HUN"]

1. Nf3 Nc6 2. d4 d5 3. g3 Bg4 4. Bg2 Nf6 5. Ne5 Qc8 6. c4 Qe6 7. Nxc6 Qxc6 8. cxd5 Nxd5 9. Nc3 e6 10. Qb3 0-0-0 11. Bd2 Bb4 12. Bxd5 exd5 13. Qxb4 Qe6 14. 0-0-0 Bxe2 15. Rde1 Rhe8 16. Rxe2 Qxe2 17. Nxe2 Rxe2 18. Be3 Re8 19. Kd1 R2xe3 20. fxe3 Rxe3 21. Re1 Rf3 22. Qe7 b6 23. Qe5 c6 24. Qd6 Rd3+ 25. Kc2 Rxd4 26. Re7 Rc4+ 27. Kb3 a6 28. Qc7# 1-0